00909cam a22002534a 4500003000900000005001700009008004100026020001500067020001800082040003800100050002300138082001400161100003400175245011300209264005400322300002400376336002100400337002300421338003200444440003100476650004500507650004300552856006000595EG-GICUC20260210120947.0260210s2005 nyu fr 001 0 eng d a1587788187 a9781587788185 aDLCcDLCdDLCdEG-GICUCbengerda00aKZ6374b.O226 200500a341.62211 aO'Connell, Mary Ellen,d1958-10aInternational law and the use of force :bcases and materials, teacher's manual / cby Mary Ellen O'Connell. aNew York :bFoundation Press/Thomson West,c2005. a150 page ;c27 cm.  atext2rdacontent aComputer2rdamedia aOnline Resource2rdacarrier 0aUniversity casebook series 0aIntervention (International law)vCases. 0aAggression (International law)vCases.40uhttps://fll.law.cu.edu.eg/fulltext/bks/ENGB11-00061.pdf